| 000 | 01905nam a2200301Ia 4500 | ||
|---|---|---|---|
| 999 |
_c54070 _d54070 |
||
| 001 | 21124 | ||
| 003 | GE_BSU | ||
| 005 | 20250311133641.0 | ||
| 008 | 181216s2016||||ge |||||||||||||| ||geo|| | ||
| 040 | _cGE_BSU | ||
| 041 | _ageo | ||
| 080 | _a27-36 წ-71 | ||
| 245 |
_aწმინდა სპირიდონ ტრიმიფუნტელი ; წმინდა ნიკოლოზ იაპონელი ; წმინდა ამბერკი იეროპოლელი ; წმინდა პორფირე / _c შემდგენელი მანანა ტუაევა ; გარეკანის დიზაინი რატი თორდია. |
||
| 264 |
_aთბილისი : _bპალიტრა L, _c2017. |
||
| 300 |
_a170 გვ. ; _c20 სმ. |
||
| 490 |
_aსაქართველოს იმედი II : ყველა წმინდანი, რომელთა შესახებაც უნდა იცოდე, 2298-0547 / პროექტის რედაქტორი თამარ მამაცაშვილი ; _vწიგნი 52 |
||
| 504 | _aბიბლიოგრ. : გვ.169 | ||
| 541 | _h2 ლ. | ||
| 653 | _aრელიგია | ||
| 653 | _aწმინდა სპირიდონ ტრიმიფუნტელი | ||
| 653 | _aწმინდა ნიკოლოს იაპონელი | ||
| 653 | _aწმინდა ამბერკი იეროპოლელი | ||
| 653 | _aწმინდა პორფირე | ||
| 700 |
_aტუაევა, მანანა _eშემდგენელი _924514 |
||
| 700 |
_aმამაცაშვილი, თამარ _eპროექტის რედაქტორი _924515 |
||
| 700 |
_aთორდია, რატი _eდიზაინერი _917902 |
||
| 942 |
_cBK _2udc |
||